000 00416nam a2200145 4500
020 _a059202525X
082 0 0 _a621.313
100 1 _aBourne, Roy,
_941294
245 1 0 _aElectrical rotating machine testing
_c[by] R. Bourne.
260 _aLondon,
_bIliffe,
_c1969.
300 _a7, 159 p.
_billus.
_c23 cm.
526 _a0
_b0
_c0
_d621_313000000000000
650 0 _aElectric machinery
_xTesting.
_941295
942 _2ddc
_cBK
999 _c545441
_d545441